| 000 | 00485nam a2200181Ia 4500 | ||
|---|---|---|---|
| 005 | 20250508150515.0 | ||
| 008 | 008 250505s9999 xx 000 0 eng d | ||
| 037 | _aTextual | ||
| 040 |
_aFEDL _beng _cFEDL |
||
| 041 |
_aeng _2eng |
||
| 084 |
_a918, AHM _qFEDL |
||
| 100 |
_aAhmed K S _9605417 |
||
| 245 | 0 | _aThree southern continents | |
| 260 |
_aDelhi, India _bPremier Publishing Company |
||
| 300 | _a271p. | ||
| 942 |
_cTEXL _h918, AHM |
||
| 999 |
_c1323968 _d1323968 |
||